Word Alchemy Quiz Stats

 Plays Quiz Updated Mar 10, 2020

Support Sporcle.
Go Orange.
Score 0/56 Timer 09:00
0 Plays Today
Alchemy! 6-letterAnswer % Correct
Turn 'O' into 'Cm'OXYGEN
83.9%
Turn 'Ag' into 'Er'SILVER
81.9%
Turn 'Au' into 'Ba'BARIUM
81.4%
Turn 'Co' into 'In'COBALT
78.8%
Turn 'Au' into 'Ba'iPHONE
78.2%
Turn 'Co' into 'In'DEMAND
77.3%
Turn 'Au' into 'Ba'RETUNE
76.8%
Turn 'Co' into 'In'TANDEM
76.5%
Turn 'Co' into 'In'REWIND
75%
Turn 'Co' into 'In'ANDREW
74.3%
Turn 'Au' into 'Ba'GOLDEN
71.9%
Turn 'Co' into 'In'MANCHA
68.6%
Turn 'Ag' into 'Er'TIC TAC
67.7%
Turn 'Co' into 'In'INDIUM
67.6%
Turn 'Au' into 'Ba'LUMBAR
67.3%
Turn 'Au' into 'Ba'SECRET
67%
Turn 'Au' into 'Ba'ONE SEC
65.5%
Turn 'O' into 'Cm'HATRED
64%
Turn 'Ag' into 'Er'HANDEL
61.8%
Turn 'Ag' into 'Er'OMAHAN
61.4%
Turn 'Co' into 'In'ALTMAN
61.2%
Turn 'Ag' into 'Er'INTACT
61%
Turn 'Ag' into 'Er'TACOMA
60.9%
Turn 'Au' into 'Ba'DENSER
60.7%
Turn 'O' into 'Cm'REDDEN
60.6%
Turn 'Ag' into 'Er'ANOINT
60.3%
Turn 'Au' into 'Ba'ASYLUM
59.1%
Turn 'Au' into 'Ba'UNEASY
58.7%
Alchemy! 6-letterAnswer % Correct
Turn 'Ag' into 'Er'DELANO
58.7%
Turn 'O' into 'Cm'GENRES
57.5%
Turn 'Ag' into 'Er'SUPERB
56.9%
Turn 'Au' into 'Ba'SERIPH
56.8%
Turn 'Ag' into 'Er'ERBIUM
56.5%
Turn 'O' into 'Cm'DENTAL
55.7%
Turn 'Co' into 'In'AMY TAN
54.5%
Turn 'Ag' into 'Er'EROTIC
54.1%
Turn 'Ag' into 'Er'GERARD
53.9%
Turn 'O' into 'Cm'OLD HAT
53.9%
Turn 'Ag' into 'Er'ACTS UP
53.7%
Turn 'O' into 'Cm'RESOLD
52.8%
Turn 'O' into 'Cm'LATVIA
52.4%
Turn 'O' into 'Cm'VIAGRA
52.4%
Turn 'Ag' into 'Er'ARDENT
52.2%
Turn 'Ag' into 'Er'ENTICE
50.5%
Turn 'Ag' into 'Er'VERGER
49.8%
Turn 'Ag' into 'Er'DINERO
49%
Turn 'O' into 'Cm'LOW-CAL
48.7%
Turn 'O' into 'Cm'TALLOW
48.4%
Turn 'Co' into 'In'STEAMY
47.8%
Turn 'Co' into 'In'CHASTE
47.5%
Turn 'O' into 'Cm'DEACON
47%
Turn 'Ag' into 'Er'ICED IN
45.7%
Turn 'O' into 'Cm'CONCUR
45.6%
Turn 'O' into 'Cm'CURIUM
45.1%
Turn 'O' into 'Cm'GRADE-A
43.8%
Turn 'O' into 'Cm'CALL AT
37.6%

From the Vault

Interesting Trivia: Explorers II

by apiracini

History 6m
We can't really fault you for wanting to explore trivia.
Remove Ads.
Support Sporcle.
Get the best of Sporcle when you Go Orange. This ad-free experience offers more features, more stats, and more fun while also helping to support Sporcle. Thank you for becoming a member.

Show Comments

Extras

Top Quizzes Today


Score Distribution

Your Account Isn't Verified!

In order to create a playlist on Sporcle, you need to verify the email address you used during registration. Go to your Sporcle Settings to finish the process.

Report this User

Report this user for behavior that violates our Community Guidelines.

Details: